000 00393nam a22001577a 4500
003 SGT
020 _a9789350352281
082 _a346.0178,DIW
100 _aDIWAN,PARAS
245 _aLAW OF ADOPTION MINORITY GUARDIANSHIP & CUSTODY
250 _a5TH
260 _aNEW DELHI
_bUNIVERSAL
_c2012
300 _a948
650 _aLAW OF ADOPTION MINORITY GUARDIANSHIP & CUSTODY
942 _2ddc
_cBK
999 _c10532
_d10532